La enseñanza del resumen en la escuela primaria /

Guardado en:
Autor Principal: Onega Gladys S
Formato: Libro
Publicado: Rosario : Biblioteca, 1973
Materias:
Etiquetas: Agregar Etiqueta
Sin Etiquetas, Sea el primero en etiquetar este registro!
LEADER 00530nam a22001935a 4500
001 CEM.cems004754
005 20060214000000.0
008 130507s1973##################000#0#####d
003 CEMS
082 0 4 |a 372.6 
100 1 |a Onega Gladys S 
245 1 0 |a La enseñanza del resumen en la escuela primaria / 
260 |a Rosario :  |b Biblioteca,  |c 1973 
300 |a 71 
653 |a Educacion 
653 |a Educacion primaria 
653 |a Lenguaje 
653 |a Resumen-técnica 
859 |a CEMS  |b BIB. CEMS - 11 de abril  |h 372.6  |i On2  |p 11151.82  |t Ej.1